Online
Catalog

Historia de la banca dominicana / (Record no. 51780)

MARC details
000 -CABECERA
campo de control de longitud fija 01578nam a22002777a 4500
003 - IDENTIFICADOR DEL NÚMERO DE CONTROL
campo de control DO-SdBNP
005 - FECHA Y HORA DE LA ÚLTIMA TRANSACCIÓN
campo de control 20250425112706.0
007 - CAMPO FIJO DE DESCRIPCIÓN FÍSICA--INFORMACIÓN GENERAL
campo de control de longitud fija ta
008 - DATOS DE LONGITUD FIJA--INFORMACIÓN GENERAL
campo de control de longitud fija 110301s2021 dr ah 000 0 spa d
040 ## - FUENTE DE LA CATALOGACIÓN
Centro catalogador/agencia de origen DO-SdBNP
Lengua de catalogación spa
Centro/agencia transcriptor BNPHU
082 #4 - NÚMERO DE LA CLASIFICACIÓN DECIMAL DEWEY
Número de documento/Ítem F615h
Número de edición 22
100 ## - ENTRADA PRINCIPAL--NOMBRE DE PERSONA
Nombre de persona Flete, Dagoberto Antonio,
9 (RLIN) 80105
Fechas asociadas al nombre 1952-
245 10 - MENCIÓN DE TÍTULO
Título Historia de la banca dominicana /
Mención de responsabilidad, etc. Dagoberto Ant. Flete ; prólogo, Yamen María Flete Hernández
260 ## - PUBLICACIÓN, DISTRIBUCIÓN, ETC.
Lugar de publicación, distribución, etc. Santo Domingo :
Nombre del editor, distribuidor, etc. Willy Copy,
Fecha de publicación, distribución, etc. 2021
300 ## - DESCRIPCIÓN FÍSICA
Extensión 187 p. :
Otras características físicas il., gacs;
Dimensiones 20 cm.
500 ## - NOTA GENERAL
Nota general Incluye datos biográficos del autor en la contracubierta.
504 ## - NOTA DE BIBLIOGRAFÍA, ETC.
Nota de bibliografía, etc. Bibliografía: p. 186
505 ## - NOTA DE CONTENIDO CON FORMATO
Nota de contenido con formato Prólogo.
Título 1. Historia de la Banca Dominicana.--
-- 2. Origen del dinero.--
-- 3. Origen de los banco.--
-- 4. Historia del papel moneda.--
-- 5. Junta Monetaria.--
-- 6. En República Dominicana.--
-- 7. Sistema Bancario especializado.--
-- 8. Banca Múltiple.--
-- 9. Apertura de la Banca Nacional.--
-- 10. Fusiones de instituciones bancarias.-
-- 11. Bancos Inventariados, Liquidados o Quebrados.--
-- 12. Bancos de la República Dominicana.--
-- 13. Anecdotario Bancario.--
-- 14. Análisis del Sistema Bancario.--
-- 15. Ranking de Instituciones Bancarias.--
-- 16. Opinión del autor.--
-- 17. Dedicatoria.--
-- Bibliografía
590 ## - NOTA LOCAL (RLIN)
Nota local Inventariado, 2022/ YL
650 #0 - PUNTO DE ACCESO ADICIONAL DE MATERIA--TÉRMINO DE MATERIA
9 (RLIN) 6283
Término de materia o nombre geográfico como elemento de entrada Bancos
Subdivisión geográfica República Dominicana
Subdivisión general Historia
650 #4 - PUNTO DE ACCESO ADICIONAL DE MATERIA--TÉRMINO DE MATERIA
9 (RLIN) 53209
Término de materia o nombre geográfico como elemento de entrada Sistemas monetarios
Subdivisión geográfica República Dominicana
651 #7 - PUNTO DE ACCESO ADICIONAL DE MATERIA--NOMBRE GEOGRÁFICO
9 (RLIN) 45997
Nombre geográfico Bancos
Subdivisión geográfica República Dominicana
Subdivisión general Historia
700 12 - PUNTO DE ACCESO ADICIONAL--NOMBRE DE PERSONA
Nombre de persona Flete Hernández, Yamen María
Término indicativo de función/relación prol.
9 (RLIN) 81655
910 ## - DATOS DE OPCIÓN DEL USUARIO (OCLC)
Datos de opción del usuario YLockward
942 ## - ELEMENTOS DE PUNTO DE ACCESO ADICIONAL (KOHA)
Fuente del sistema de clasificación o colocación Dewey Decimal Classification
Tipo de ítem Koha Libro
Holdings
Estado de retiro Estado de pérdida Fuente del sistema de clasificación o colocación Restricciones de uso No para préstamo Código de colección Localización permanente Ubicación/localización actual Ubicación en estantería Fecha de adquisición Fuente de adquisición Signatura topográfica completa Código de barras Fecha visto por última vez Precio válido a partir de Tipo de ítem Koha Nota pública Número de copia Total de préstamos
    Dewey Decimal Classification Préstamo restringido   Patrimonio Dominicano Biblioteca Nacional Pedro Henríquez Ureña Biblioteca Nacional Pedro Henríquez Ureña Depósito 10.08.2021 Depósito Legal / Dagoberto Flete F615h 2022-2272 20.05.2022 20.05.2022 Libro Ejemplar autografiado por el autor.    
    Dewey Decimal Classification Excluido de préstamo   Patrimonio Dominicano Biblioteca Nacional Pedro Henríquez Ureña Biblioteca Nacional Pedro Henríquez Ureña Depósito 10.08.2021 Dagoberto Flete F615h 2022-2273 20.05.2022 20.05.2022 Libro   e. 2  
    Dewey Decimal Classification Préstamo en sala   Dominicana de Servicio Biblioteca Nacional Pedro Henríquez Ureña Biblioteca Nacional Pedro Henríquez Ureña En catalogación 10.08.2021 Deposito Legal / Dagoberto Flete F615h 2023-0646 03.02.2023 03.02.2023 Libro   e.3  

Powered by Koha